| 000 | 00822nam a2200241 i 4500 | ||
|---|---|---|---|
| 001 | 94694 | ||
| 003 | ES-MaACL | ||
| 005 | 20250902055003.0 | ||
| 007 | t| | ||
| 008 | 050512s1980 sp ||||1| spa d | ||
| 100 | 1 |
_aLozano Irueste, José María ( _d1920-2006) _974450 |
|
| 245 | 1 | 0 |
_aDiccionario inglés-español de económia / _cJosé María Lozano Irueste. |
| 260 |
_aMadrid : _bICE, _c1980. |
||
| 300 |
_a341 p. ; _c24 cm. |
||
| 490 | 1 | _aSelecciones de economía | |
| 650 | 0 | 4 |
_aEconomía de la empresa- _vDiccionarios _912023 |
| 650 | 0 | 4 |
_aLengua inglesa- _vDiccionarios- _xEspañol. _914270 |
| 650 | 0 | 4 |
_aLengua española- _vDiccionarios- _xInglés. _914142 |
| 830 | 0 |
_aSelecciones de economía _9184332 |
|
| 852 |
_aES-MaACL _jL-368 _bR.101122 |
||
| 852 |
_aES-MaACL _jL-899 _bR.101958 |
||
| 999 |
_c94694 _d94694 |
||